logo

CRIMENES DEL ODIO LOS VIOLENCIA SKIN Y NEONAZI EN ESPAÑA (Record no. 63795)

MARC details
000 -CABECERA
campo de control de longitud fija 00443nam a2200181Ia 4500
001 - NÚMERO DE CONTROL
campo de control 28714
005 - FECHA Y HORA DE LA ÚLTIMA TRANSACCIÓN
campo de control 20260407094424.0
008 - CÓDIGOS DE INFORMACIÓN DE LONGITUD FIJA
campo de control de longitud fija 260115s9999 xx 000 0 und d
010 ## - NÚMERO DE CONTROL DE LA BIBLIOTECA DEL CONGRESO
Número de control de LC 63795
035 ## - NÚMERO DE CONTROL DEL SISTEMA
Número de control de sistema 18939
090 ## - LOCALMENTE ASIGNADO TIPO-LC NÚMERO DE CLASIFICACIÓN (OCLC); NÚMERO DE CLASIFICACIÓN LOCAL (RLIN)
Número de clasificación (OCLC) (R) ; Numero de clasificación CALL (RLIN) (NR) 316.723
100 ## - PUNTO DE ACCESO PRINCIPAL - NOMBRE DE PERSONA
Nombre de persona IBARRA ESTEBAN
245 #0 - MENCIÓN DE TÍTULO
Título CRIMENES DEL ODIO LOS VIOLENCIA SKIN Y NEONAZI EN ESPAÑA
260 ## - PUBLICACIÓN, DISTRIBUCIÓN, ETC. (PIE DE IMPRENTA)
Nombre del editor distribuidor etc. TEMAS DE HOY
Fecha de publicación distribución etc. 2003
630 ## - PUNTO DE ACCESO ADICIONAL DE MATERIA--TÍTULO UNIFORME
Título uniforme SOCIOLOGIA
650 ## - PUNTO DE ACCESO ADICIONAL DE MATERIA--TÉRMINO DE MATERIA
Término de materia o nombre geográfico como elemento inicial CONTEXTO CULTURAL
942 ## - ELEMENTOS DE PUNTO DE ACCESO ADICIONAL (KOHA)
Tipo de ítem Koha Monografías
Holdings
Estado de retiro Estado de pérdida Estado dañado No para préstamo Código de colección Localización permanente Ubicación/localización actual Ubicación en estantería Fecha de adquisición Enumeración/cronología de publicación seriada Número de inventario Número de registro Total de préstamos Signatura topográfica completa Código de barras Fecha visto por última vez Número de copia Precio válido a partir de Tipo de ítem Koha Nota pública
          Servicio de Estudios Históricos Servicio de Estudios Históricos   01/12/2012 316.723 25409 25409   18939 FH_28714 05/02/2026 1 05/02/2026 Monografías 23.5 CM, 304 PG, 18,15€ MADRID